[Event "DEM U16 2005"]
[Site "Willingen GER"]
[Date "2005.05.15"]
[Round "2"]
[White "Gegenfurtner, Jürgen"]
[Black "Ebert, Manuel"]
[Result "0-1"]
[Termination "normal"]
[Board "10"]
[WhiteElo "1926"]
[BlackElo "2064"]
[PlyCount "102"]
[BlackFideId "24621102"]
[EventCountry "GER"]
[EventRounds "9"]
[EventType "swiss"]
[EventDate "2005.05.15"]

1. e4 c5 2. Nf3 e6 3. d4 cxd4 4. Nxd4 Bc5 5. Nb3 Bb6 6. g3 Ne7 7. Bg2 O-O 8.
O-O f5 9. c4 Nbc6 10. c5 Bc7 11. f4 fxe4 12. Nc3 b6 13. Nxe4 bxc5 14. Nexc5 Bb6
15. Kh1 a5 16. Na4 Ba7 17. Qe2 Nf5 18. Rd1 Qf6 19. Bxc6 dxc6 20. Nbc5 Qe7 21.
Qc4 Rb8 22. a3 Rb5 23. b4 Qf7 24. Ra2 Qh5 25. Rd3 Qh3 26. Rg2 Qh6 27. Nc3 Rb8
28. N3e4 Bxc5 29. Nxc5 axb4 30. axb4 Qg6 31. Ra2 Ne7 32. Ra1 Nd5 33. Bd2 Kh8
34. Nb3 e5 35. fxe5 Bh3 36. Qd4 Bf1 37. Nc5 Bxd3 38. Nxd3 Rbd8 39. Nc5 Qf5 40.
Qe4 Qxe4+ 41. Nxe4 Rde8 42. Nd6 Ra8 43. Rxa8 Rxa8 44. e6 h6 45. Bf4 Ra1+ 46.
Kg2 Re1 47. Be5 Kg8 48. Nf7 Nxb4 49. Bc3 Rxe6 50. Nd8 Re8 51. Nb7 Nd5 0-1

[Event "DEM U16 2005"]
[Site "Willingen GER"]
[Date "2005.05.15"]
[Round "2"]
[White "Böttger, Lukas"]
[Black "Kühn, Martin"]
[Result "0-1"]
[Termination "normal"]
[Board "11"]
[WhiteElo "2062"]
[BlackElo "1758"]
[PlyCount "46"]
[WhiteFideId "24620068"]
[EventCountry "GER"]
[EventRounds "9"]
[EventType "swiss"]
[EventDate "2005.05.15"]

1. d4 e6 2. c4 d5 3. Nc3 Nf6 4. Bg5 Be7 5. e3 O-O 6. Qc2 Nbd7 7. O-O-O c5 8.
dxc5 Qa5 9. Nf3 Nxc5 10. Kb1 Bd7 11. cxd5 exd5 12. Bxf6 Bxf6 13. Nxd5 Ba4 14.
Nxf6+ gxf6 15. Qd2 Qb6 16. Rc1 Rfd8 17. Qe1 Ne4 18. Nd4 Rac8 19. Bd3 Rxc1+ 20.
Kxc1 Rc8+ 21. Kb1 Nc3+ 22. Ka1 Nd1 23. Qd2 Rc2 0-1

[Event "DEM U16 2005"]
[Site "Willingen GER"]
[Date "2005.05.15"]
[Round "2"]
[White "K, Torben"]
[Black "Lieder, Konrad"]
[Result "0-1"]
[Termination "normal"]
[Board "12"]
[WhiteElo "1874"]
[BlackElo "2058"]
[PlyCount "60"]
[WhiteFideId "24618454"]
[BlackFideId "4692721"]
[EventCountry "GER"]
[EventRounds "9"]
[EventType "swiss"]
[EventDate "2005.05.15"]

1. e4 Nf6 2. e5 Nd5 3. d4 d6 4. Nf3 g6 5. exd6 cxd6 6. Be2 Bg7 7. O-O O-O 8.
Re1 Nc6 9. c3 a6 10. a4 Rb8 11. Na3 Bd7 12. Bd2 Qc7 13. b4 e5 14. Rc1 e4 15.
Ng5 Rbe8 16. Bc4 Nf6 17. Qb3 Bf5 18. Bf4 Nh5 19. Bxd6 Qxd6 20. Bxf7+ Kh8 21.
Bxe8 Nd8 22. Nf7+ Nxf7 23. Bxf7 Nf4 24. Rcd1 Qf6 25. Bd5 Nxg2 26. Rxe4 Bxe4 27.
Bxe4 Qxf2+ 28. Kh1 Ne3 29. Qb1 Nxd1 30. Qxd1 Re8 0-1

[Event "DEM U16 2005"]
[Site "Willingen GER"]
[Date "2005.05.15"]
[Round "2"]
[White "Isakson, Alex"]
[Black "Billing, Christian"]
[Result "0-1"]
[Termination "normal"]
[Board "13"]
[WhiteElo "1582"]
[BlackElo "2013"]
[PlyCount "80"]
[WhiteFideId "24637351"]
[BlackFideId "4697294"]
[EventCountry "GER"]
[EventRounds "9"]
[EventType "swiss"]
[EventDate "2005.05.15"]

1. e4 d5 2. exd5 Qxd5 3. Nc3 Qa5 4. d4 c6 5. Nf3 Nf6 6. Bc4 Bf5 7. O-O e6 8.
Bf4 Nbd7 9. Re1 Bb4 10. Bd2 O-O 11. a3 Bxc3 12. Bxc3 Qc7 13. Bd3 Bg4 14. Bb4
Rfe8 15. Re3 Rad8 16. c4 e5 17. h3 Bxf3 18. Qxf3 exd4 19. Rxe8+ Rxe8 20. Bd2
Ne5 21. Qg3 Qd7 22. Bg5 Qe6 23. c5 Nh5 24. Qh4 Nxd3 25. Qxh5 Nxc5 26. Rd1 h6
27. Bxh6 Qe2 28. Qxe2 Rxe2 29. Bd2 Nb3 30. Bc1 Nxc1 31. Rxc1 Rxb2 32. Rd1 c5
33. Rd3 b5 34. Kf1 b4 35. Ke1 a5 36. Kd1 Rxf2 37. axb4 axb4 38. g4 Rf4 39. Rb3
Re4 40. Kd2 Re3 0-1

[Event "DEM U16 2005"]
[Site "Willingen GER"]
[Date "2005.05.15"]
[Round "2"]
[White "Held, Florian"]
[Black "Braun, Konstantin"]
[Result "1-0"]
[Termination "normal"]
[Board "14"]
[WhiteElo "1980"]
[BlackElo "1662"]
[PlyCount "31"]
[WhiteFideId "24629090"]
[EventCountry "GER"]
[EventRounds "9"]
[EventType "swiss"]
[EventDate "2005.05.15"]

1. e4 c5 2. Nf3 e6 3. d4 cxd4 4. Nxd4 a6 5. Nc3 Qc7 6. Bd3 Bc5 7. Nb3 Ba7 8.
Qg4 Ne7 9. Qxg7 Rg8 10. Qxh7 Rxg2 11. Qh3 Rg8 12. Be3 b5 13. O-O-O Bxe3+ 14.
Qxe3 Nbc6 15. h4 Bb7 16. Bxb5 1-0

[Event "DEM U16 2005"]
[Site "Willingen GER"]
[Date "2005.05.16"]
[Round "3"]
[White "Rehberg, Raphael"]
[Black "Bindrich, Falko"]
[Result "0-1"]
[Termination "normal"]
[Board "1"]
[BlackTitle "FM"]
[WhiteElo "2189"]
[BlackElo "2339"]
[PlyCount "120"]
[WhiteFideId "4686799"]
[BlackFideId "4676670"]
[EventCountry "GER"]
[EventRounds "9"]
[EventType "swiss"]
[EventDate "2005.05.15"]

1. e4 c5 2. Nc3 d6 3. f4 a6 4. Nf3 Nc6 5. d3 e6 6. g3 Nf6 7. Bg2 Be7 8. O-O h6
9. Be3 Bd7 10. h3 Qc7 11. Bf2 O-O-O 12. d4 cxd4 13. Nxd4 g5 14. f5 Ne5 15. fxe6
fxe6 16. Nb3 Rhf8 17. Qd4 Nc6 18. Qe3 Be8 19. Kh1 Nd7 20. Bg1 Rxf1 21. Rxf1
Nde5 22. Nd4 Nxd4 23. Qxd4 Bc6 24. Qa7 Qb8 25. Qxb8+ Kxb8 26. Ne2 Bd7 27. Nd4
Rc8 28. Nf3 Nc6 29. Nd4 Nd8 30. c3 Be8 31. Be3 Bg6 32. Bd2 Kc7 33. c4 Kd7 34.
b3 Nf7 35. Nc2 Ne5 36. Ne3 Bd8 37. Kg1 Bb6 38. Kh2 Ke7 39. Nd1 Bd4 40. g4 Nd3
41. Bc3 Bxc3 42. Nxc3 b5 43. e5 Nxe5 44. Bb7 Rb8 45. Bxa6 bxc4 46. bxc4 Rb2+
47. Kg3 Rc2 48. Nb5 Rxa2 49. Bb7 Nxc4 50. Rc1 d5 51. Nc3 Rd2 52. Nxd5+ exd5 53.
Bxd5 Rd3+ 54. Kh2 Rxd5 55. Rxc4 Kd6 56. Rc8 Ke5 57. Rh8 Kf6 58. Rf8+ Kg7 59.
Ra8 Rd2+ 60. Kg1 Rg2+ 0-1

[Event "DEM U16 2005"]
[Site "Willingen GER"]
[Date "2005.05.16"]
[Round "3"]
[White "Abel, Dennes"]
[Black "Figura, Atila Gajo"]
[Result "1-0"]
[Termination "normal"]
[Board "2"]
[WhiteElo "2177"]
[BlackElo "2193"]
[PlyCount "85"]
[WhiteFideId "24605417"]
[BlackFideId "4688058"]
[EventCountry "GER"]
[EventRounds "9"]
[EventType "swiss"]
[EventDate "2005.05.15"]

1. e4 c5 2. Nf3 e6 3. c3 d5 4. exd5 Qxd5 5. d4 Nf6 6. Na3 Qd8 7. Nc2 Be7 8. Bd3
Nbd7 9. O-O Qc7 10. Bg5 O-O 11. Re1 b6 12. Qe2 Bb7 13. Rad1 a6 14. Ne3 Rfe8 15.
Bb1 b5 16. h3 Rad8 17. Nf1 Bd5 18. Ne5 cxd4 19. Nxd7 Rxd7 20. Rxd4 h6 21. Bh4
Bc4 22. Rxd7 Qxd7 23. Qc2 g5 24. Bg3 Rd8 25. Ne3 Bd3 26. Qxd3 Qxd3 27. Bxd3
Rxd3 28. Kf1 Bc5 29. Ke2 Rd8 30. f3 Nh5 31. Bh2 Nf4+ 32. Bxf4 gxf4 33. Ng4 Kg7
34. Ne5 f6 35. Nd3 Be3 36. Rd1 a5 37. g4 h5 38. Nxf4 Rxd1 39. Nxh5+ Kg6 40.
Kxd1 e5 41. Ke2 Bc5 42. Ng3 Bb6 43. h4 1-0

[Event "DEM U16 2005"]
[Site "Willingen GER"]
[Date "2005.05.16"]
[Round "3"]
[White "Beck, Frederik"]
[Black "Baldauf, Marco"]
[Result "1/2-1/2"]
[Termination "normal"]
[Board "3"]
[WhiteElo "2212"]
[BlackElo "2134"]
[PlyCount "57"]
[WhiteFideId "4687388"]
[BlackFideId "4688210"]
[EventCountry "GER"]
[EventRounds "9"]
[EventType "swiss"]
[EventDate "2005.05.15"]

1. e4 e5 2. Nf3 Nc6 3. d4 exd4 4. Nxd4 Bc5 5. Be3 Qf6 6. Nb5 Bxe3 7. fxe3 Qd8
8. Qg4 Kf8 9. Qg3 d6 10. N1c3 Nf6 11. Be2 Qe7 12. Qf4 h5 13. O-O Be6 14. Nd4
Ne5 15. Rae1 a6 16. Nf5 Bxf5 17. exf5 Rd8 18. Bf3 c6 19. Rd1 d5 20. Qd4 Nxf3+
21. Rxf3 Re8 22. a3 Ne4 23. Nxe4 Qxe4 24. c4 Qxd4 25. Rxd4 dxc4 26. Rd7 Re7 27.
Rd8+ Re8 28. Rd7 Re7 29. Rd8+ 1/2-1/2

[Event "DEM U16 2005"]
[Site "Willingen GER"]
[Date "2005.05.16"]
[Round "3"]
[White "Schneider, David"]
[Black "Alsheimer, Christoph"]
[Result "1/2-1/2"]
[Termination "normal"]
[Board "4"]
[WhiteElo "2144"]
[BlackElo "2031"]
[PlyCount "53"]
[WhiteFideId "4697111"]
[BlackFideId "24605433"]
[EventCountry "GER"]
[EventRounds "9"]
[EventType "swiss"]
[EventDate "2005.05.15"]

1. e4 e6 2. d4 d5 3. e5 c5 4. c3 Nc6 5. Nf3 Bd7 6. a3 c4 7. g3 Na5 8. Nbd2 Bc6
9. Bh3 Qd7 10. O-O Ba4 11. Qe2 g6 12. Ne1 Bg7 13. Ng2 h5 14. Nf3 Nb3 15. Rb1
Nxc1 16. Rfxc1 Bh6 17. Nd2 Ne7 18. Ne3 Nc6 19. Bg2 Na5 20. f4 Nb3 21. Nxb3 Bxb3
22. Rf1 a5 23. h3 O-O-O 24. Rbe1 Rdg8 25. Rf2 Qd8 26. Nf1 Ba4 27. Nd2 1/2-1/2

[Event "DEM U16 2005"]
[Site "Willingen GER"]
[Date "2005.05.16"]
[Round "3"]
[White "Siebarth, Raiko"]
[Black "Dinger, Florian"]
[Result "0-1"]
[Termination "normal"]
[Board "5"]
[WhiteElo "2216"]
[BlackElo "2099"]
[PlyCount "164"]
[WhiteFideId "4674766"]
[BlackFideId "24605573"]
[EventCountry "GER"]
[EventRounds "9"]
[EventType "swiss"]
[EventDate "2005.05.15"]

1. e4 c5 2. Nf3 d6 3. d4 cxd4 4. Nxd4 Nf6 5. Nc3 a6 6. Be3 e5 7. Nb3 Be6 8. Be2
Nbd7 9. f4 exf4 10. Bxf4 Ne5 11. Qd4 Qc7 12. O-O Be7 13. Kh1 O-O 14. Rac1 Rac8
15. Nd5 Bxd5 16. exd5 Nfd7 17. c4 Bf6 18. Qd2 Rfe8 19. Nd4 Ng6 20. Bg4 Nxf4 21.
Qxf4 Rcd8 22. Bf5 Bxd4 23. Qxd4 g6 24. Bxd7 Qxd7 25. Rf6 Qe7 26. Rcf1 Rd7 27.
Qf2 Qe2 28. Qxe2 Rxe2 29. R6f2 Rde7 30. g3 f5 31. Kg2 Kf7 32. g4 Kf6 33. gxf5
gxf5 34. b3 R7e4 35. Kf3 Rxf2+ 36. Rxf2 Ke5 37. Rg2 Rf4+ 38. Ke3 Rh4 39. Rg7
Rh3+ 40. Kf2 Rxh2+ 41. Kg3 Rxa2 42. Rxb7 Ra3 43. Re7+ Kd4 44. Rb7 a5 45. Kf4 a4
46. bxa4 Kxc4 47. Kxf5 Kxd5 48. Ra7 Ra1 49. a5 Ra4 50. Kf6 h5 51. Rh7 h4 52.
Rh5+ Kc6 53. Ke6 Re4+ 54. Kf6 Re5 55. Rxh4 Rxa5 56. Rd4 Kc5 57. Rd1 Ra4 58. Ke6
Re4+ 59. Kf5 Rd4 60. Rc1+ Rc4 61. Rd1 d5 62. Ke5 Re4+ 63. Kf5 Rd4 64. Rc1+ Rc4
65. Rd1 Rc2 66. Ke5 Re2+ 67. Kf4 d4 68. Kf3 Re3+ 69. Kf2 Kc4 70. Rc1+ Kd3 71.
Rd1+ Kc3 72. Rc1+ Kd2 73. Ra1 Re8 74. Ra2+ Kc3 75. Ra3+ Kc2 76. Ra2+ Kb3 77.
Rd2 Kc3 78. Ra2 d3 79. Ra3+ Kc2 80. Ra2+ Kb3 81. Rd2 Kc3 82. Ra2 d2 0-1

[Event "DEM U16 2005"]
[Site "Willingen GER"]
[Date "2005.05.16"]
[Round "3"]
[White "Lubbe, Nikolas"]
[Black "Ebert, Manuel"]
[Result "1-0"]
[Termination "normal"]
[Board "6"]
[WhiteElo "2205"]
[BlackElo "2064"]
[PlyCount "43"]
[WhiteFideId "4694031"]
[BlackFideId "24621102"]
[EventCountry "GER"]
[EventRounds "9"]
[EventType "swiss"]
[EventDate "2005.05.15"]

1. e4 c5 2. Nf3 e6 3. d4 cxd4 4. Nxd4 Bc5 5. Be3 Qb6 6. Nb5 Bxe3 7. fxe3 Qxe3+
8. Be2 Na6 9. Nd6+ Ke7 10. Na3 Nf6 11. Nac4 Qc5 12. e5 Ne8 13. Qd2 f6 14. Ne4
Qd5 15. Qf4 Nc5 16. Ng3 Qc6 17. O-O-O Qa4 18. Qe3 Na6 19. a3 Qc6 20. exf6+ gxf6
21. Nf5+ Kd8 22. Nd4 1-0

[Event "DEM U16 2005"]
[Site "Willingen GER"]
[Date "2005.05.16"]
[Round "3"]
[White "Tereick, Benjamin"]
[Black "Lieder, Konrad"]
[Result "1-0"]
[Termination "normal"]
[Board "7"]
[WhiteElo "2172"]
[BlackElo "2058"]
[PlyCount "77"]
[WhiteFideId "24607541"]
[BlackFideId "4692721"]
[EventCountry "GER"]
[EventRounds "9"]
[EventType "swiss"]
[EventDate "2005.05.15"]

1. c4 c6 2. g3 d5 3. Bg2 Nf6 4. Nf3 dxc4 5. O-O Be6 6. a4 Na6 7. Na3 Bd5 8. Qc2
Nb4 9. Qc3 Ne4 10. Qe3 Nd6 11. Qc3 a5 12. Ne5 Bxg2 13. Kxg2 b5 14. Qf3 Qc8 15.
d3 f6 16. Qh5+ Kd8 17. Ng6 Rg8 18. Nxf8 Rxf8 19. dxc4 bxc4 20. Rd1 Qe6 21. Qc5
Ke8 22. Bf4 Ne4 23. Qh5+ g6 24. Qxh7 Rg8 25. Rd4 c3 26. f3 Nd2 27. bxc3 Nd5 28.
Bxd2 f5 29. e4 Nf6 30. Qh6 c5 31. Rc4 Kf7 32. Qe3 fxe4 33. fxe4 Rh8 34. h4 Rhd8
35. Rf1 Rab8 36. e5 Rb2 37. Rf2 Qd5+ 38. Kg1 Rxd2 39. Rxd2 1-0

[Event "DEM U16 2005"]
[Site "Willingen GER"]
[Date "2005.05.16"]
[Round "3"]
[White "Billing, Christian"]
[Black "Pilat, Daniel"]
[Result "0-1"]
[Termination "normal"]
[Board "8"]
[WhiteElo "2013"]
[BlackElo "2146"]
[PlyCount "80"]
[WhiteFideId "4697294"]
[BlackFideId "24602116"]
[EventCountry "GER"]
[EventRounds "9"]
[EventType "swiss"]
[EventDate "2005.05.15"]

1. e4 c5 2. Nc3 e6 3. g3 d5 4. exd5 exd5 5. d3 d4 6. Ne4 Nd7 7. Qe2 Be7 8. Nd6+
Kf8 9. Bf4 Qa5+ 10. Bd2 Qa6 11. Nxc8 Rxc8 12. Bh3 Ngf6 13. Nf3 Bd6 14. O-O Re8
15. Qd1 h5 16. Nh4 g6 17. Bg5 Kg7 18. f4 Qc6 19. Bg2 Qc7 20. Rf3 Nh7 21. Rf2 f6
22. Nxg6 Kxg6 23. Be4+ Rxe4 24. dxe4 fxg5 25. Qd3 Be5 26. Qc4 Qc6 27. h4 g4 28.
Raf1 b5 29. Qd3 c4 30. Qa3 Bd6 31. b4 Bc7 32. Qc1 Kg7 33. e5 Re8 34. Re1 Bb6
35. Kh2 Qd5 36. Rff1 Re6 37. Qd2 Re8 38. f5 Rxe5 39. Rxe5 Nxe5 40. f6+ Kg6 0-1

[Event "DEM U16 2005"]
[Site "Willingen GER"]
[Date "2005.05.16"]
[Round "3"]
[White "Sohl, Jan"]
[Black "Held, Florian"]
[Result "1-0"]
[Termination "normal"]
[Board "9"]
[WhiteElo "2121"]
[BlackElo "1980"]
[PlyCount "79"]
[WhiteFideId "4698070"]
[BlackFideId "24629090"]
[EventCountry "GER"]
[EventRounds "9"]
[EventType "swiss"]
[EventDate "2005.05.15"]

1. e4 c5 2. Nf3 e6 3. c4 a6 4. Nc3 Qc7 5. Be2 d6 6. d4 cxd4 7. Nxd4 b6 8. Be3
Nf6 9. Rc1 Bb7 10. f3 Nbd7 11. O-O Rc8 12. a3 Be7 13. b4 O-O 14. Kh1 Qb8 15.
Qd2 Rfe8 16. Rfd1 Bd8 17. Nb3 Bc7 18. Bf4 Ne5 19. Bxe5 dxe5 20. c5 Red8 21. Qe3
bxc5 22. Nxc5 Rxd1+ 23. Rxd1 Qa7 24. Qd3 a5 25. Nb5 Qb6 26. Nxc7 Qxc7 27. Nxb7
Qxb7 28. Qd8+ Ne8 29. Qxa5 Qc6 30. b5 Qc2 31. Qd2 Qxd2 32. Rxd2 Rc1+ 33. Rd1
Rc2 34. Bf1 Rb2 35. a4 Kf8 36. a5 Ke7 37. Kg1 Nd6 38. b6 Nb7 39. a6 Rxb6 40. a7
1-0

[Event "DEM U16 2005"]
[Site "Willingen GER"]
[Date "2005.05.16"]
[Round "3"]
[White "Völbel, Patrick"]
[Black "Glantz, Robert"]
[Result "1-0"]
[Termination "normal"]
[Board "10"]
[WhiteElo "2108"]
[BlackElo "1731"]
[PlyCount "129"]
[WhiteFideId "24622583"]
[BlackFideId "24629596"]
[EventCountry "GER"]
[EventRounds "9"]
[EventType "swiss"]
[EventDate "2005.05.15"]

1. d4 Nf6 2. c4 g6 3. Nc3 Bg7 4. e4 d6 5. f3 O-O 6. Bg5 Nc6 7. Nge2 a6 8. Qd2
Bd7 9. b3 Rb8 10. Rc1 e5 11. dxe5 Nxe5 12. Nd4 h6 13. Be3 Nh5 14. Be2 f5 15.
exf5 gxf5 16. Nd5 c6 17. Nf4 Nxf4 18. Bxf4 Qf6 19. Rd1 Rbd8 20. O-O Kh7 21. Nc2
Be8 22. Qa5 Bg6 23. Rd2 Rd7 24. Rfd1 Nf7 25. Ne3 Qe6 26. Qb6 Bf6 27. g3 Re8 28.
b4 Bg5 29. Ng2 Bd8 30. Qd4 Bf6 31. Qd3 d5 32. Qb3 d4 33. Bd3 Ng5 34. Bxg5 Bxg5
35. f4 Bf6 36. Re1 Qf7 37. Rde2 Rde7 38. Qc2 Rxe2 39. Rxe2 Rxe2 40. Qxe2 Qe7
41. Qxe7+ Bxe7 42. c5 Kg7 43. Ne1 Bf6 44. a3 Kf7 45. Kf2 Ke7 46. Nf3 Ke6 47.
Nd2 Bd8 48. Bc4+ Kd7 49. Nb3 Bf6 50. Ke2 h5 51. Kd3 h4 52. Nxd4 Ke7 53. Ke3
hxg3 54. hxg3 Kd8 55. Be6 Kc7 56. Kd3 b6 57. cxb6+ Kxb6 58. Kc4 Kc7 59. a4 Kb6
60. Nb3 Be7 61. a5+ Kc7 62. Nc5 Kd6 63. Kd3 Bd8 64. Bc4 Bxa5 65. Nb7+ 1-0

[Event "DEM U16 2005"]
[Site "Willingen GER"]
[Date "2005.05.16"]
[Round "3"]
[White "Kühn, Martin"]
[Black "Rietze, Clemens"]
[Result "0-1"]
[Termination "normal"]
[Board "11"]
[WhiteElo "1758"]
[BlackElo "1879"]
[PlyCount "52"]
[BlackFideId "24620351"]
[EventCountry "GER"]
[EventRounds "9"]
[EventType "swiss"]
[EventDate "2005.05.15"]

1. d4 Nf6 2. c4 g6 3. Nc3 d5 4. Bf4 Bg7 5. e3 O-O 6. Nf3 c5 7. Rc1 cxd4 8. exd4
Nc6 9. c5 Nh5 10. Be3 f5 11. Nxd5 f4 12. Bd2 Be6 13. Nc3 Nxd4 14. Nxd4 Qxd4 15.
Be2 Rad8 16. Nb5 Qd7 17. Bc3 Qc6 18. Qc2 Qxg2 19. Rf1 f3 20. Qe4 Bh3 21. Bc4+
Kh8 22. Bxg7+ Nxg7 23. Rd1 Qg5 24. Rh1 Rxd1+ 25. Kxd1 Rd8+ 26. Kc2 Bf5 0-1

[Event "DEM U16 2005"]
[Site "Willingen GER"]
[Date "2005.05.16"]
[Round "3"]
[White "K, Torben"]
[Black "Böttger, Lukas"]
[Result "0-1"]
[Termination "normal"]
[Board "12"]
[WhiteElo "1874"]
[BlackElo "2062"]
[PlyCount "126"]
[WhiteFideId "24618454"]
[BlackFideId "24620068"]
[EventCountry "GER"]
[EventRounds "9"]
[EventType "swiss"]
[EventDate "2005.05.15"]

1. e4 d5 2. exd5 Qxd5 3. Nc3 Qa5 4. d4 Nf6 5. Nf3 Nc6 6. Bd2 a6 7. Bc4 Qh5 8.
Ne5 Qxd1+ 9. Rxd1 e6 10. Nxc6 bxc6 11. O-O Bd6 12. Bd3 Bd7 13. Ne4 Nxe4 14.
Bxe4 Rb8 15. b3 O-O 16. Rfe1 Rfd8 17. c4 Bb4 18. Bxb4 Rxb4 19. Re3 a5 20. Bc2
Rbb8 21. a3 f6 22. Rh3 g6 23. Rg3 e5 24. h4 exd4 25. Rxd4 Be6 26. Rgd3 Rxd4 27.
Rxd4 c5 28. Rd2 Kf7 29. Kf1 Ke7 30. Ke1 h6 31. Re2 Kd6 32. Re3 g5 33. hxg5 fxg5
34. Ke2 Re8 35. Kd2 Rf8 36. f3 Rf4 37. Be4 Rh4 38. Rd3+ Ke7 39. Re3 Kf6 40. Re2
Rh5 41. Bd5 Bd7 42. Kc1 Rh2 43. Kd2 h5 44. Ke3 Rh1 45. Be4 Ra1 46. a4 Ra3 47.
Rb2 Bxa4 48. Bc2 Bd7 49. f4 a4 50. fxg5+ Kxg5 51. Kf2 axb3 52. Bxb3 Ra8 53. Re2
Kf6 54. g3 Ra3 55. Re3 Bg4 56. Rd3 Be6 57. Ke3 Bf5 58. Rc3 Ke5 59. Kf3 Be4+ 60.
Ke3 c6 61. Kd2 Kd4 62. Re3 Ra1 63. Bc2 Bxc2 0-1

[Event "DEM U16 2005"]
[Site "Willingen GER"]
[Date "2005.05.16"]
[Round "3"]
[White "Braun, Konstantin"]
[Black "Friedrich, Paul-Robert"]
[Result "0-1"]
[Termination "normal"]
[Board "13"]
[WhiteElo "1662"]
[BlackElo "1956"]
[PlyCount "130"]
[BlackFideId "24616036"]
[EventCountry "GER"]
[EventRounds "9"]
[EventType "swiss"]
[EventDate "2005.05.15"]

1. e4 e6 2. d4 d5 3. exd5 exd5 4. c4 Nf6 5. Nc3 dxc4 6. Bxc4 Be7 7. Nf3 O-O 8.
O-O Nbd7 9. Bf4 Nb6 10. Bb3 c6 11. Qd3 Nbd5 12. Nxd5 Nxd5 13. Bc2 g6 14. Bh6
Re8 15. a3 Bf5 16. Qd2 Bxc2 17. Qxc2 Bf6 18. Rfe1 Qd6 19. Re2 Bg7 20. Bxg7 Kxg7
21. Rae1 Red8 22. Qb3 Qc7 23. Nd2 Rd7 24. Nc4 Nf4 25. Re4 Ne6 26. Qc3 Kg8 27.
Ne5 Rd6 28. Qc4 b5 29. Qc3 Rad8 30. Nf3 Qb6 31. Qe3 Kg7 32. Rd1 c5 33. d5 Rxd5
34. Qc3+ f6 35. Rde1 Rd1 36. Qe3 Rxe1+ 37. Qxe1 Kf7 38. h3 Qd6 39. Re2 Qc6 40.
Qc1 Kg7 41. Rd2 Nf4 42. Qd1 Rxd2 43. Qxd2 g5 44. Qe3 Qd6 45. Qe8 a6 46. Qe3 a5
47. h4 h6 48. hxg5 hxg5 49. g3 Ne6 50. Qe2 b4 51. Nd2 Nd4 52. Qe3 Nf5 53. Qe2
Qd4 54. g4 Nd6 55. Nb3 Qc4 56. Qe7+ Nf7 57. Nxc5 Qxg4+ 58. Kh2 Kg6 59. axb4
Qxb4 60. Qe4+ Qxe4 61. Nxe4 Ne5 62. Nc5 Nc4 63. b3 Nd2 64. Kg2 Kf5 65. b4 axb4
0-1

[Event "DEM U16 2005"]
[Site "Willingen GER"]
[Date "2005.05.16"]
[Round "3"]
[White "Isakson, Alex"]
[Black "Gegenfurtner, Jürgen"]
[Result "0-1"]
[Termination "normal"]
[Board "14"]
[WhiteElo "1582"]
[BlackElo "1926"]
[PlyCount "58"]
[WhiteFideId "24637351"]
[EventCountry "GER"]
[EventRounds "9"]
[EventType "swiss"]
[EventDate "2005.05.15"]

1. e4 e6 2. d4 d5 3. e5 c5 4. c3 Nc6 5. Nf3 Bd7 6. Nbd2 f6 7. Nb3 c4 8. Nbd2
Qc7 9. Qe2 Nh6 10. Nb1 Nf7 11. Bf4 g5 12. Bg3 g4 13. Nfd2 fxe5 14. Qxg4 Qb6 15.
b3 exd4 16. Qd1 d3 17. Qc1 Qa6 18. bxc4 dxc4 19. a4 Na5 20. Bc7 Rc8 21. Bxa5
Qxa5 22. Ne4 Qe5 23. Nbd2 Nd6 24. f4 Qxf4 25. Nxd6+ Bxd6 26. Qb2 O-O 27. Nf3
Qe3+ 28. Kd1 Rxf3 29. Qxb7 Rf2 0-1

[Event "DEM U16 2005"]
[Site "Willingen GER"]
[Date "2005.05.17"]
[Round "4"]
[White "Bindrich, Falko"]
[Black "Abel, Dennes"]
[Result "1-0"]
[Termination "normal"]
[Board "1"]
[WhiteTitle "FM"]
[WhiteElo "2339"]
[BlackElo "2177"]
[PlyCount "85"]
[WhiteFideId "4676670"]
[BlackFideId "24605417"]
[EventCountry "GER"]
[EventRounds "9"]
[EventType "swiss"]
[EventDate "2005.05.15"]

1. e4 c5 2. Nf3 e6 3. Nc3 Nc6 4. d4 cxd4 5. Nxd4 Qc7 6. Be3 a6 7. Be2 Nf6 8. a3
Be7 9. f4 d6 10. g4 h6 11. h4 Nxd4 12. Qxd4 e5 13. Qd2 Bxg4 14. Bxg4 Nxg4 15.
f5 Qc6 16. O-O-O h5 17. Bg5 Rc8 18. Bxe7 Kxe7 19. Nd5+ Kf8 20. Rh3 Rh6 21. Rc3
Qe8 22. Rxc8 Qxc8 23. Qg5 f6 24. Qd2 Qc5 25. b4 Qc6 26. Rg1 Rh8 27. Rg3 Qb5 28.
Rc3 Kg8 29. Rc7 Kh7 30. Kb2 Rf8 31. c4 Qe8 32. Rxb7 Qa8 33. Rc7 Kh8 34. Qc2 Qb8
35. Qa4 Rc8 36. Qd7 Rxc7 37. Qxc7 Qe8 38. Qxd6 Nf2 39. Nc3 Qa8 40. Qd5 Qa7 41.
c5 Nh3 42. Qd8+ Kh7 43. Nd5 1-0

[Event "DEM U16 2005"]
[Site "Willingen GER"]
[Date "2005.05.17"]
[Round "4"]
[White "Baldauf, Marco"]
[Black "Lubbe, Nikolas"]
[Result "1/2-1/2"]
[Termination "normal"]
[Board "2"]
[WhiteElo "2134"]
[BlackElo "2205"]
[PlyCount "92"]
[WhiteFideId "4688210"]
[BlackFideId "4694031"]
[EventCountry "GER"]
[EventRounds "9"]
[EventType "swiss"]
[EventDate "2005.05.15"]

1. e4 e6 2. d4 d5 3. Nd2 Be7 4. c3 Nf6 5. e5 Nfd7 6. Bd3 c5 7. Ndf3 Nc6 8. Ne2
a6 9. O-O b5 10. Qd2 h6 11. Qf4 Nf8 12. Qg3 g6 13. h4 h5 14. Ng5 Qc7 15. Be3
Bd8 16. f4 c4 17. Bc2 Ne7 18. Qf3 Rb8 19. a3 Qb7 20. Rae1 Nf5 21. Bf2 Nh6 22.
Bg3 Nf5 23. Bf2 Be7 24. g4 hxg4 25. Qxg4 Ng7 26. Ng3 Qc7 27. Kg2 Nf5 28. Rh1
Nh7 29. h5 Nh6 30. Qf3 Nxg5 31. fxg5 Bxg5 32. hxg6 Rg8 33. Nh5 fxg6 34. Nf6+
Bxf6 35. Rxh6 Be7 36. Bxg6+ Kd7 37. Bg3 Rg7 38. Rf1 Kc6 39. Bf7 Kb7 40. Bxe6
Bxe6 41. Rxe6 Rbg8 42. Qxd5+ Ka7 43. Rf3 Bh4 44. Rc6 Qe7 45. Rd6 Qb7 46. Rc6
Qe7 1/2-1/2

[Event "DEM U16 2005"]
[Site "Willingen GER"]
[Date "2005.05.17"]
[Round "4"]
[White "Völbel, Patrick"]
[Black "Beck, Frederik"]
[Result "0-1"]
[Termination "normal"]
[Board "3"]
[WhiteElo "2108"]
[BlackElo "2212"]
[PlyCount "64"]
[WhiteFideId "24622583"]
[BlackFideId "4687388"]
[EventCountry "GER"]
[EventRounds "9"]
[EventType "swiss"]
[EventDate "2005.05.15"]

1. d4 Nf6 2. c4 c5 3. d5 b5 4. cxb5 a6 5. bxa6 Bxa6 6. Nc3 d6 7. g3 g6 8. Bg2
Bg7 9. Nh3 Nbd7 10. O-O O-O 11. Qc2 Nb6 12. Re1 Qd7 13. Nf4 Bb7 14. e4 Rfb8 15.
Bh3 Qd8 16. b3 Nfd7 17. Bb2 Ne5 18. Re3 Bc8 19. Bf1 Ba6 20. Bxa6 Rxa6 21. h4
Nbd7 22. a4 c4 23. Nb5 cxb3 24. Qxb3 Nc5 25. Qb4 Rba8 26. Rea3 Nc4 27. Bxg7
Nxa3 28. Rxa3 Kxg7 29. Nd4 Qb6 30. Qc3 Kg8 31. Qe3 Qb1+ 32. Kh2 Qxe4 0-1

[Event "DEM U16 2005"]
[Site "Willingen GER"]
[Date "2005.05.17"]
[Round "4"]
[White "Figura, Atila Gajo"]
[Black "Schneider, David"]
[Result "1-0"]
[Termination "normal"]
[Board "4"]
[WhiteElo "2193"]
[BlackElo "2144"]
[PlyCount "55"]
[WhiteFideId "4688058"]
[BlackFideId "4697111"]
[EventCountry "GER"]
[EventRounds "9"]
[EventType "swiss"]
[EventDate "2005.05.15"]

1. d4 Nf6 2. c4 e6 3. Nc3 Bb4 4. Qc2 c5 5. dxc5 O-O 6. a3 Bxc5 7. Nf3 b6 8. Bg5
Bb7 9. e4 h6 10. Bh4 Be7 11. Rd1 Nh5 12. Bg3 a6 13. Be2 Re8 14. e5 f5 15. exf6
Bxf6 16. Bd6 e5 17. Ng5 Bxg5 18. Bxh5 Nc6 19. Bxe8 Qxe8 20. O-O Qh5 21. Nd5 Nd4
22. Qe4 Re8 23. Rfe1 Bf4 24. h3 Qg5 25. Rxd4 Re6 26. Be7 exd4 27. Bxg5 hxg5 28.
Qb1 1-0